[Event "Pardubice op rap 24th"]
[Site "Pardubice"]
[Date "2013.07.18"]
[Round "6"]
[White "Navara, David"]
[Black "Kovalev, Andrei"]
[Result "1-0"]
[WhiteElo "2715"]
[BlackElo "2470"]
[PlyCount "71"]
[EventDate "2013.07.17"]
[EventType "swiss (rapid)"]
[EventRounds "9"]
[EventCountry "CZE"]
[SourceTitle "CBM 155 Extra"]
[Source "ChessBase"]
[SourceDate "2013.08.26"]
[SourceVersion "1"]
[SourceVersionDate "2013.08.26"]
[SourceQuality "1"]

1. d4 Nf6 2. c4 g6 3. Nc3 Bg7 4. e4 d6 5. Nf3 O-O 6. h3 e5 7. d5 Nh5 8. g3 a5
9. Be3 f5 10. exf5 gxf5 11. Ng5 Nf6 12. Bg2 Qe7 13. g4 f4 14. Bd2 e4 15. Ngxe4
Nxe4 16. Nxe4 Nd7 17. O-O Ne5 18. Re1 Nxc4 19. Qc1 b5 20. Bc3 Ne5 21. Nd2 Qf7
22. Bxe5 Bxe5 23. Nf3 Bg7 24. Qc2 h6 25. Rac1 Bb7 26. Nh4 Bxd5 27. Re7 Qxe7 28.
Bxd5+ Rf7 29. Nf5 Qf8 30. Qxc7 Bxb2 31. Bxf7+ Kh8 32. Rc2 Be5 33. Nh4 Qd8 34.
Ng6+ Kg7 35. Bd5+ Kxg6 36. Qf7+ 1-0

[Event "CHN-chT 6th"]
[Site "China"]
[Date "2010.04.17"]
[Round "2"]
[White "Wang, Hao"]
[Black "Yang, Kaiqi"]
[Result "1-0"]
[WhiteElo "2715"]
[BlackElo "2396"]
[PlyCount "131"]
[EventDate "2010.04.16"]
[EventType "team-tourn"]
[EventRounds "18"]
[EventCountry "CHN"]
[SourceTitle "CBM 136 Extra"]
[Source "ChessBase"]
[SourceDate "2010.07.02"]
[SourceVersion "2"]
[SourceVersionDate "2010.07.15"]
[SourceQuality "1"]

1. d4 Nf6 2. c4 g6 3. Nc3 d5 4. cxd5 Nxd5 5. e4 Nxc3 6. bxc3 Bg7 7. Bc4 c5 8.
Ne2 O-O 9. O-O Nc6 10. Be3 Bg4 11. f3 Na5 12. Bxf7+ Rxf7 13. fxg4 Rxf1+ 14.
Kxf1 cxd4 15. cxd4 e5 16. d5 Nc4 17. Qd3 Nxe3+ 18. Qxe3 Qh4 19. h3 Bh6 20. Qd3
Rf8+ 21. Kg1 Qf2+ 22. Kh2 Qe3 23. Rd1 Rf2 24. Qxe3 Bxe3 25. Nc3 Bf4+ 26. Kg1
Be3 27. Kh1 Kf7 28. d6 Ke8 29. h4 Kd7 30. a4 Bd4 31. Nb5 Bb6 32. g3 a6 33. Nc3
Bd4 34. Nd5 Kxd6 35. Rb1 Bb2 36. Ne3 Bd4 37. Nd5 Bb2 38. Rd1 Bd4 39. Rc1 b5 40.
axb5 axb5 41. Rc7 b4 42. Rb7 Re2 43. Rxb4 Rxe4 44. Nf6 Re1+ 45. Kg2 h6 46. Ra4
Re2+ 47. Kh3 Bg1 48. g5 hxg5 49. Ne4+ Ke6 50. Nxg5+ Kf5 51. Nf3 Bc5 52. Ra6 e4
53. Ng5 Bg1 54. g4+ Kf4 55. Rf6+ Ke3 56. Rxg6 Rh2+ 57. Kg3 Rh1 58. Nh3 Ke2 59.
Re6 e3 60. g5 Kf1 61. Nxg1 Rxg1+ 62. Kf3 Rh1 63. Rxe3 Rxh4 64. Re6 Ra4 65. g6
Kg1 66. g7 1-0

[Event "Optiebeurs"]
[Site "Amsterdam"]
[Date "1988.??.??"]
[Round "3"]
[White "Karpov, Anatoly"]
[Black "Kasparov, Garry"]
[Result "1/2-1/2"]
[WhiteElo "2715"]
[BlackElo "2750"]
[PlyCount "115"]
[EventDate "1988.05.??"]
[EventType "tourn"]
[EventRounds "12"]
[EventCountry "NED"]
[EventCategory "17"]
[SourceTitle "CBM 007"]
[Source "ChessBase"]
[SourceDate "1988.12.01"]
[SourceVersion "1"]
[SourceVersionDate "1988.12.01"]
[SourceQuality "1"]

1. d4 Nf6 2. c4 g6 3. Nc3 d5 4. cxd5 Nxd5 5. e4 Nxc3 6. bxc3 Bg7 7. Bc4 c5 8.
Ne2 Nc6 9. Be3 O-O 10. O-O Bg4 11. f3 Na5 12. Bxf7+ Rxf7 13. fxg4 Rxf1+ 14.
Kxf1 Qd6 15. e5 Qd5 16. Bf2 Rd8 17. Qc2 Qc4 18. Qb2 Bh6 19. h4 Qf7 20. Kg1 Rf8
21. Ng3 Nc4 22. Qe2 Qxf2+ 23. Qxf2 Be3 24. Qxe3 Nxe3 25. dxc5 Rc8 26. Rb1 Rxc5
27. Rxb7 Nxg4 28. Rb4 h5 29. Ne4 Rxe5 30. g3 Kf7 31. Kg2 Ke6 32. Kf3 Kf5 33. a4
Rd5 34. Nf2 Nxf2 35. Kxf2 Rd3 36. Rc4 e5 37. a5 Rd5 38. a6 Rd6 39. Ra4 Rc6 40.
Ra3 Ke4 41. Ke2 Rc4 42. Kf2 Kd3 43. Ra5 Rc6 44. Rxe5 Rf6+ 45. Kg2 Kxc3 46. Re7
Rxa6 47. Rg7 Kd4 48. Kh3 Ke5 49. Kg2 Ra2+ 50. Kf3 Ra3+ 51. Kg2 Kf6 52. Rc7 a5
53. Rc6+ Kf5 54. Rc5+ Ke4 55. Rg5 Ra2+ 56. Kh3 a4 57. Rxg6 a3 58. Ra6 1/2-1/2

[Event "World Cup ACP 1st"]
[Site "Odessa"]
[Date "2007.01.05"]
[Round "1.2"]
[White "Shirov, Alexei"]
[Black "Smirin, Ilia"]
[Result "1/2-1/2"]
[WhiteElo "2715"]
[BlackElo "2654"]
[PlyCount "49"]
[EventDate "2007.01.05"]
[EventType "k.o. (rapid)"]
[EventRounds "4"]
[EventCountry "UKR"]
[SourceTitle "CBM 116"]
[Source "ChessBase"]
[SourceDate "2007.02.01"]
[SourceVersion "1"]
[SourceVersionDate "2007.02.01"]
[SourceQuality "1"]

1. e4 g6 2. d4 Bg7 3. Nc3 d6 4. f4 Nf6 5. Nf3 O-O 6. e5 Nfd7 7. h4 c5 8. h5
cxd4 9. hxg6 dxc3 10. gxf7+ Rxf7 11. Bc4 Nf8 12. Bxf7+ Kxf7 13. Ng5+ Kg8 14.
Qh5 dxe5 15. Qf7+ Kh8 16. Nxh7 Nxh7 17. Qg6 Kg8 18. Qxh7+ Kf8 19. Qh8+ Bxh8 20.
Rxh8+ Kf7 21. Rxd8 Nc6 22. Rh8 Kg7 23. Re8 Kf7 24. Rh8 Kg7 25. Re8 1/2-1/2

[Event "Amber-rapid 11th"]
[Site "Monte Carlo"]
[Date "2002.03.22"]
[Round "6"]
[White "Shirov, Alexei"]
[Black "Topalov, Veselin"]
[Result "1/2-1/2"]
[WhiteElo "2715"]
[BlackElo "2739"]
[PlyCount "68"]
[EventDate "2002.03.16"]
[EventType "tourn (rapid)"]
[EventRounds "11"]
[EventCountry "MNC"]
[EventCategory "18"]
[SourceTitle "CBM 087 Extra"]
[Source "ChessBase"]
[SourceDate "2002.05.03"]
[SourceVersion "2"]
[SourceVersionDate "2002.08.09"]
[SourceQuality "1"]

1. e4 e5 2. Nf3 Nc6 3. Bb5 a6 4. Ba4 Nf6 5. O-O b5 6. Bb3 Bc5 7. a4 Rb8 8. c3
d6 9. d4 Bb6 10. axb5 axb5 11. Na3 O-O 12. Nxb5 exd4 13. cxd4 Bg4 14. Bg5 Bxf3
15. gxf3 Nxd4 16. Nxd4 Bxd4 17. Bxf7+ Rxf7 18. Qxd4 Qd7 19. Ra3 Nh5 20. Rfa1 h6
21. Bd2 Kh7 22. e5 dxe5 23. Qxd7 Rxd7 24. Bc3 Rb5 25. h4 Nf4 26. Ra5 Ne2+ 27.
Kg2 Rdd5 28. Rxb5 Rxb5 29. Re1 Nxc3 30. bxc3 Rc5 31. h5 Kg8 32. Re4 Kf7 33. c4
g6 34. f4 exf4 1/2-1/2

[Event "CHN-ch rapid"]
[Site "Shenzhen"]
[Date "2016.08.24"]
[Round "3"]
[White "Bu, Xiangzhi"]
[Black "Yu, Yangyi"]
[Result "0-1"]
[WhiteElo "2715"]
[BlackElo "2725"]
[PlyCount "66"]
[EventDate "2016.08.24"]
[EventType "swiss (rapid)"]
[EventRounds "9"]
[EventCountry "CHN"]
[SourceTitle "CBM 174 Extra"]
[Source "ChessBase"]
[SourceDate "2016.10.10"]
[SourceVersion "1"]
[SourceVersionDate "2016.10.10"]
[SourceQuality "1"]

1. d4 Nf6 2. c4 e6 3. Nf3 d5 4. Nc3 Bb4 5. Qa4+ Nc6 6. e3 O-O 7. Qc2 Re8 8. Bd2
Bf8 9. a3 e5 10. dxe5 Nxe5 11. cxd5 Nxd5 12. O-O-O Nxf3 13. gxf3 Nxc3 14. Bxc3
Qh4 15. Bd3 Be6 16. Rhg1 Rad8 17. f4 Rd6 18. Be4 Rxd1+ 19. Rxd1 c6 20. Rg1 g6
21. f5 Bc8 22. f3 Bh6 23. fxg6 hxg6 24. Kb1 Bxe3 25. Rg2 Bh3 26. Bxg6 Bxg2 27.
Bxf7+ Kxf7 28. Qf5+ Ke7 29. Bb4+ c5 30. Bc3 Bh3 31. Qd5 Bd4 32. Bd2 Qh7+ 33.
Ka1 Kf8 0-1

[Event "ESP-chT CECLUB Honor"]
[Site "Melilla"]
[Date "2011.11.22"]
[Round "2"]
[White "Bacrot, Etienne"]
[Black "Krasenkow, Michal"]
[Result "1-0"]
[WhiteElo "2714"]
[BlackElo "2608"]
[Annotator "RR"]
[PlyCount "87"]
[EventDate "2011.11.21"]
[EventType "team-tourn"]
[EventRounds "7"]
[EventCountry "ESP"]
[SourceTitle "CBM 146"]
[Source "ChessBase"]
[SourceDate "2012.01.18"]
[SourceVersion "1"]
[SourceVersionDate "2012.01.18"]
[SourceQuality "1"]
[WhiteTeam "Taldea Gros Xake"]
[BlackTeam "Reverte Albox"]
[WhiteTeamCountry "ESP"]
[BlackTeamCountry "ESP"]

1. d4 Nf6 2. c4 g6 3. Nc3 d5 4. cxd5 Nxd5 5. e4 Nxc3 6. bxc3 Bg7 7. Bc4 c5 8.
Ne2 O-O 9. O-O Nc6 10. Be3 e6 11. dxc5 Qa5 12. f4 Rd8 13. Qc2 Bf8 14. f5 Bxc5
15. Nd4 exf5 16. exf5 Bxd4 17. Bxf7+ Kg7 18. cxd4 Bxf5 19. Qb2 Kxf7 20. Qxb7+
Kg8 21. Bh6 $1 (21. Qxc6 $2) 21... Ne7 $1 (21... Bd7 $2) 22. Qxe7 Rd7 23. Qe3
Qd5 24. Rf4 Rf7 25. Re1 Rc8 26. h3 Rb7 $2 (26... Rfc7 27. Ref1 Rf7 $16) 27. Rf2
Rbc7 28. g4 Rc3 29. Qe5 Qxe5 30. dxe5 Rxh3 31. gxf5 Rxh6 32. f6 Rh5 33. e6 Rg5+
34. Kf1 Kf8 35. Rd1 Re5 36. e7+ Kf7 37. Rd8 Rc1+ 38. Kg2 Rg5+ 39. Kh2 Rh5+ 40.
Kg2 Rg5+ 41. Kf3 Rf5+ 42. Ke3 Re1+ 43. Kd2 Rxe7 44. Rxf5 1-0

[Event "36th ECC Open 2021"]
[Site "Struga MKD"]
[Date "2021.09.21"]
[Round "4.4"]
[White "Dubov, Daniil"]
[Black "Subelj, Jan"]
[Result "1-0"]
[WhiteElo "2714"]
[BlackElo "2415"]
[PlyCount "73"]
[EventDate "2021.09.18"]
[EventType "team"]
[SourceVersionDate "2018.05.14"]
[WhiteTeam "Alkaloid"]
[BlackTeam "Maribor Poligram"]

1. d4 d5 2. c4 e6 3. Nf3 Nf6 4. g3 dxc4 5. Bg2 c6 6. a4 c5 7. O-O Nc6 8. Na3
cxd4 9. Nxc4 Bc5 10. Nfe5 Nxe5 11. Nxe5 O-O 12. Bg5 h6 13. Bxf6 gxf6 14. Qc1
Be7 15. Nf3 e5 16. Qxh6 e4 17. Nd2 f5 18. Nxe4 fxe4 19. Bxe4 f5 20. Bb1 Qd6 21.
Ba2+ Rf7 22. Bxf7+ Kxf7 23. Qh7+ Kf8 24. Qh8+ Kf7 25. Rac1 Qf6 26. Qh7+ Kf8 27.
Rfd1 Be6 28. Rc7 Bd5 29. Rxd4 Qxd4 30. Qxe7+ Kg8 31. Qg5+ Kh8 32. Qh6+ Kg8 33.
Qg6+ Kf8 34. Qxf5+ Kg8 35. Qg5+ Kh8 36. Qh5+ Kg8 37. e3 1-0

[Event "Gawlikowski Memorial 18th"]
[Site "Warsaw"]
[Date "1999.??.??"]
[Round "?"]
[White "Ivanchuk, Vassily"]
[Black "Gdanski, Jacek"]
[Result "1-0"]
[WhiteElo "2714"]
[BlackElo "2530"]
[PlyCount "73"]
[EventDate "1999.??.??"]
[EventType "tourn"]
[EventRounds "11"]
[EventCountry "POL"]
[SourceTitle "EXT 2002"]
[Source "ChessBase"]
[SourceDate "2001.11.25"]
[SourceVersion "1"]
[SourceVersionDate "2001.11.25"]
[SourceQuality "1"]

1. Nf3 g6 2. e4 Bg7 3. d4 c5 4. c3 cxd4 5. cxd4 d5 6. e5 Nc6 7. Be2 Bg4 8. Nbd2
Qb6 9. h3 Bf5 10. O-O Nb4 11. Qa4+ Bd7 12. Qb3 Rc8 13. a3 Nc2 14. Qxb6 axb6 15.
Ra2 Nh6 16. g4 f6 17. b3 O-O 18. e6 Bxe6 19. Bd3 Nxd4 20. Nxd4 Bf7 21. Nb5 Rfd8
22. a4 e5 23. Ba3 Rc6 24. f4 Be6 25. Re1 Nf7 26. Nf3 Bd7 27. fxe5 fxe5 28. Bf1
Rdc8 29. Rd2 Rc2 30. Rxd5 Bc6 31. Bc4 Bf8 32. Nxe5 Bxd5 33. Bxd5 Bxa3 34. Nxa3
R2c5 35. Bxf7+ Kg7 36. Bc4 Re8 37. Nd3 1-0

[Event "World Blitz 2018"]
[Site "St Petersburg RUS"]
[Date "2018.12.29"]
[Round "4.11"]
[White "Le Quang Liem"]
[Black "Lintchevski, D."]
[Result "1-0"]
[WhiteElo "2714"]
[BlackElo "2516"]
[PlyCount "89"]
[EventDate "2018.12.29"]
[EventType "swiss (blitz)"]
[EventRounds "21"]
[EventCountry "RUS"]
[SourceTitle "The Week in Chess 1260"]
[Source "Mark Crowther"]
[SourceDate "2018.12.31"]
[SourceVersion "2"]
[SourceVersionDate "2019.08.03"]
[SourceQuality "2"]

1. c4 c5 2. Nf3 Nc6 3. Nc3 g6 4. e3 Nf6 5. d4 cxd4 6. exd4 d5 7. cxd5 Nxd5 8.
Bc4 Nxc3 9. Qb3 e6 10. bxc3 Bg7 11. Ba3 Bf8 12. O-O Bxa3 13. Qxa3 Qe7 14. Qb2
O-O 15. Rfe1 Qc7 16. Bb3 b6 17. c4 Na5 18. d5 exd5 19. cxd5 Qf4 20. Rad1 Bb7
21. Ne5 Rad8 22. d6 Nc6 23. d7 Nxe5 24. Qxe5 Qxe5 25. Rxe5 Bc6 26. Re7 Kg7 27.
Rd6 Bb5 28. g4 g5 29. Kg2 Ba6 30. Kg3 h6 31. h4 Bb5 32. hxg5 hxg5 33. f4 gxf4+
34. Kxf4 Bf1 35. g5 Bh3 36. g6 Rxd7 37. Rdxd7 Bxd7 38. Rxd7 Kxg6 39. Rxa7 Rh8
40. Bxf7+ Kf6 41. Bb3 Rh4+ 42. Ke3 Ke5 43. Rd7 Rh3+ 44. Kd2 Ke4 45. Rd6 1-0

[Event "Beijing Sportaccord blitz"]
[Site "Beijing"]
[Date "2014.12.13"]
[Round "5"]
[White "Nepomniachtchi, Ian"]
[Black "Vachier Lagrave, Maxime"]
[Result "1-0"]
[WhiteElo "2714"]
[BlackElo "2758"]
[PlyCount "51"]
[EventDate "2014.12.13"]
[EventType "tourn (blitz)"]
[EventRounds "30"]
[EventCountry "CHN"]
[EventCategory "20"]
[SourceTitle "CBM 163 Extra"]
[Source "ChessBase"]
[SourceDate "2014.12.23"]
[SourceVersion "1"]
[SourceVersionDate "2014.12.23"]
[SourceQuality "1"]

1. e4 c5 2. Nf3 d6 3. d4 cxd4 4. Nxd4 Nf6 5. Nc3 a6 6. h3 e5 7. Nde2 h5 8. Ng1
b5 9. Nf3 Bb7 10. Ng5 b4 11. Nd5 Nxd5 12. Bc4 Nf6 13. Bxf7+ Ke7 14. O-O Nc6 15.
a3 a5 16. Be3 g6 17. Bxg6 Rg8 18. Bf5 Bc8 19. axb4 Bxf5 20. exf5 axb4 21. Ne6
Qc8 22. Bg5 Rxa1 23. Qxa1 Qb7 24. h4 Kf7 25. Qd1 Ne7 26. Nd8+ 1-0

[Event "Beijing Sportaccord blitz"]
[Site "Beijing"]
[Date "2014.12.14"]
[Round "11"]
[White "Ponomariov, Ruslan"]
[Black "Bacrot, Etienne"]
[Result "1-0"]
[WhiteElo "2714"]
[BlackElo "2718"]
[PlyCount "136"]
[EventDate "2014.12.13"]
[EventType "tourn (blitz)"]
[EventRounds "30"]
[EventCountry "CHN"]
[EventCategory "20"]
[SourceTitle "CBM 163 Extra"]
[Source "ChessBase"]
[SourceDate "2014.12.23"]
[SourceVersion "1"]
[SourceVersionDate "2014.12.23"]
[SourceQuality "1"]

1. d4 Nf6 2. c4 g6 3. f3 c5 4. d5 b5 5. cxb5 a6 6. e4 d6 7. Nc3 Bg7 8. Bg5 O-O
9. Qd2 Re8 10. a4 e6 11. dxe6 Bxe6 12. Nge2 axb5 13. Nxb5 h6 14. Bxh6 Bxh6 15.
Qxh6 Nc6 16. Rd1 d5 17. exd5 Bxd5 18. Kf2 Qe7 19. Nec3 Bb3 20. Bd3 Bxd1 21.
Rxd1 Nd4 22. Qf4 Rad8 23. h4 Nh5 24. Qg5 Qxg5 25. hxg5 Ne6 26. Bc4 Nxg5 27. Ra1
Nf4 28. a5 Rd2+ 29. Kg3 Nh5+ 30. Kh2 Nxf3+ 31. Kh3 Ng5+ 32. Kh2 Nf4 33. Bf1
Nge6 34. a6 Ra8 35. a7 Rxb2 36. Ne4 Nd5 37. Ned6 Ndc7 38. Bc4 Nxb5 39. Nxb5 Nf4
40. Kg3 Nxg2 41. Bd5 Rxa7 42. Rxa7 Ne3 43. Bxf7+ Kf8 44. Nd6 Nf5+ 45. Nxf5 gxf5
46. Kf4 Kg7 47. Bd5+ Kf6 48. Ra6+ Ke7 49. Kxf5 Re2 50. Be4 c4 51. Ke5 c3 52.
Ra7+ Ke8 53. Rc7 c2 54. Kd4 Kd8 55. Rc3 Rd2+ 56. Ke3 Rd6 57. Rxc2 Ke7 58. Kf4
Rd1 59. Ke5 Re1 60. Rc7+ Ke8 61. Ra7 Re2 62. Kf5 Kd8 63. Bd5 Re1 64. Kf6 Kc8
65. Be6+ Kd8 66. Rd7+ Ke8 67. Rc7 Rf1+ 68. Bf5 Rd1 1-0

[Event "Biel Breisacher Memorial"]
[Site "Biel"]
[Date "2013.07.31"]
[Round "9"]
[White "Ding, Liren"]
[Black "Nepomniachtchi, Ian"]
[Result "1/2-1/2"]
[WhiteElo "2714"]
[BlackElo "2717"]
[PlyCount "128"]
[EventDate "2013.07.22"]
[EventType "tourn"]
[EventRounds "10"]
[EventCountry "SUI"]
[EventCategory "19"]
[SourceTitle "CBM 156"]
[Source "ChessBase"]
[SourceDate "2013.09.17"]
[SourceVersion "1"]
[SourceVersionDate "2013.09.17"]
[SourceQuality "1"]

1. Nf3 Nf6 2. c4 c5 3. Nc3 d5 4. cxd5 Nxd5 5. g3 Nc6 6. Bg2 Nc7 7. O-O e5 8. a3
Rb8 9. Rb1 f6 10. d3 Be6 11. Be3 Qd7 12. Nd2 Be7 13. b4 cxb4 14. axb4 b5 15.
Rc1 Rc8 16. Nb3 O-O 17. Nc5 Bxc5 18. Bxc5 Rfd8 19. Ne4 Na6 20. Qd2 Nd4 21. Qb2
Nb3 22. Rc3 Nbxc5 23. Nxc5 Nxc5 24. Rxc5 Rxc5 25. bxc5 Rb8 26. c6 Qc7 27. d4
exd4 28. Qxd4 b4 29. Ra1 a5 30. Bd5 Bf7 31. Bxf7+ Qxf7 32. Qd6 Rc8 33. Rxa5 b3
34. Qb4 h6 35. Qb7 Rc7 36. Ra7 b2 37. Ra8+ Kh7 38. Qxb2 Rxc6 39. Qb1+ f5 40.
Ra5 g6 41. Qd3 Rc7 42. Rd5 Re7 43. Rd6 h5 44. f3 Qg7 45. Kf2 Qf7 46. Qd2 Qe8
47. h3 Qb5 48. Qd3 Qe8 49. Rd4 Qc6 50. g4 hxg4 51. hxg4 Qc7 52. Kg2 Qe5 53. Rd7
Rxd7 54. Qxd7+ Kh6 55. Qd2+ f4 56. Qd3 g5 57. Qe4 Qc5 58. Kf1 Qc1+ 59. Kf2 Qc5+
60. e3 fxe3+ 61. Qxe3 Qc2+ 62. Kg3 Qc7+ 63. Kh3 Qc6 64. Qe4 Qc1 1/2-1/2

[Event "36th ECC Open 2021"]
[Site "Struga MKD"]
[Date "2021.09.23"]
[Round "6.2"]
[White "Dubov, Daniil"]
[Black "Navara, D."]
[Result "1/2-1/2"]
[WhiteElo "2714"]
[BlackElo "2676"]
[PlyCount "88"]
[EventDate "2021.09.18"]
[EventType "team"]
[SourceVersionDate "2018.05.14"]
[WhiteTeam "Alkaloid"]
[BlackTeam "AVE Novy Bor"]

1. d4 Nf6 2. c4 e6 3. Nf3 d5 4. g3 Be7 5. Bg2 O-O 6. O-O dxc4 7. Qc2 a6 8. a4
Bd7 9. Qxc4 Bc6 10. Bg5 Nbd7 11. Nc3 h6 12. Bxf6 Nxf6 13. e3 Qd6 14. Qe2 Rfd8
15. h4 Qb4 16. Rfe1 Bxf3 17. Bxf3 c5 18. dxc5 Bxc5 19. a5 Rab8 20. Rec1 Bd6 21.
Ra4 Qb3 22. Qc2 Qxc2 23. Rxc2 b5 24. Rd4 e5 25. Rd1 Bb4 26. Nd5 Nxd5 27. Rxd5
Rxd5 28. Bxd5 Bxa5 29. Rc6 Bb6 30. Rd6 Rd8 31. Bxf7+ Kxf7 32. Rxb6 h5 33. Rxa6
Rd2 34. b4 Rb2 35. Kg2 Rxb4 36. Kf3 Rb2 37. Rb6 b4 38. Ke4 Rxf2 39. Rxb4 Rg2
40. Rb7+ Kf6 41. Rb6+ Kf7 42. Rb7+ Kf6 43. Rb6+ Kf7 44. Rb7+ Kf6 1/2-1/2

[Event "Moscow-ch blitz 70th"]
[Site "Moscow"]
[Date "2016.09.04"]
[Round "3"]
[White "Jakovenko, Dmitrij"]
[Black "Grigoriants, Sergey"]
[Result "1/2-1/2"]
[WhiteElo "2714"]
[BlackElo "2564"]
[PlyCount "75"]
[EventDate "2016.09.04"]
[EventType "tourn (blitz)"]
[EventRounds "19"]
[EventCountry "RUS"]
[EventCategory "11"]
[SourceTitle "CBM 174 Extra"]
[Source "ChessBase"]
[SourceDate "2016.10.10"]
[SourceVersion "1"]
[SourceVersionDate "2016.10.10"]
[SourceQuality "1"]

1. d4 Nf6 2. c4 e6 3. Nf3 d5 4. g3 Be7 5. Bg2 O-O 6. O-O dxc4 7. Qc2 a6 8. a4
Bd7 9. Rd1 Bc6 10. Nc3 b6 11. e4 Bb7 12. Ne5 Nc6 13. Nxc6 Bxc6 14. d5 exd5 15.
e5 Ng4 16. Qe2 Qc8 17. h3 Nh6 18. Bxh6 gxh6 19. Nxd5 Bxd5 20. Bxd5 c6 21. Bg2
b5 22. Qe4 Qe6 23. Qxc6 Qxc6 24. Bxc6 Rab8 25. axb5 axb5 26. Rd7 Bc5 27. Bd5
Rbd8 28. Bxf7+ Kg7 29. Rxd8 Rxd8 30. e6 Rd2 31. Rb1 Rxf2 32. Kh1 b4 33. Rc1
Rxb2 34. Rxc4 Bd6 35. Rd4 Bc5 36. Rc4 Bd6 37. Rd4 Bc5 38. Rc4 1/2-1/2

[Event "EU-ch blitz"]
[Site "Warsaw"]
[Date "2011.12.16"]
[Round "8"]
[White "Bacrot, Etienne"]
[Black "Korobov, Anton"]
[Result "0-1"]
[WhiteElo "2714"]
[BlackElo "2660"]
[PlyCount "64"]
[EventDate "2011.12.16"]
[EventType "swiss (blitz)"]
[EventRounds "13"]
[EventCountry "POL"]
[SourceTitle "CBM 145 Extra"]
[Source "ChessBase"]
[SourceDate "2012.01.03"]
[SourceVersion "1"]
[SourceVersionDate "2012.01.03"]
[SourceQuality "1"]

1. d4 d5 2. Nf3 c6 3. c4 Nf6 4. Nc3 e6 5. Bg5 Nbd7 6. e3 Qa5 7. Nd2 dxc4 8.
Bxf6 Nxf6 9. Nxc4 Qc7 10. g3 Be7 11. Bg2 O-O 12. Rc1 Rd8 13. Qe2 Bd7 14. O-O
Rac8 15. Rfd1 Be8 16. a3 c5 17. d5 exd5 18. Nxd5 Nxd5 19. Bxd5 b5 20. e4 bxc4
21. Qxc4 Qb6 22. b3 a5 23. Rd3 Bb5 24. Bxf7+ Kf8 25. Rxd8+ Rxd8 26. Qe6 Rd6 27.
Qf5 Rf6 28. Qxh7 Kxf7 29. e5 Rg6 30. Rd1 Qe6 31. f4 Qxb3 32. e6+ Qxe6 0-1